Active Riders who won a Monument – Road Cycling - Statistics

General Stats
  • This quiz has been taken 169 times
    48 since last reset
  • The average score is 12 of 17
Answer Stats
Answer Total Hint % Correct
Tadej Pogačar 12 MSR, RVV (2), LBL (4), LOM (5)
100%
Mathieu Van der Poel 8 MSR (2), RVV (3), RBX (3)
98%
Remco Evenepoel 2 LBL (2)
98%
Jasper Philipsen 1 MSR
91%
Wout Van Aert 2 MSR, RBX
91%
Julian Alaphilippe 1 MSR
82%
Kasper Asgreen 1 RVV
77%
Jasper Stuyven 1 MSR
73%
Matej Mohorič 1 MSR
73%
Dylan van Baarle 1 RBX
70%
Primož Roglič 1 LBL
68%
Alberto Bettiol 1 RVV
59%
Michal Kwiatkowski 1 MSR
59%
John Degenkolb 2 MSR, RBX
57%
Bauke Mollema 1 LOM
45%
Bob Jungels 1 LBL
39%
Wout Poels 1 LBL
34%
No matching quizzes found
Score Distribution
Percent of People with Each Score
Percentile by Number Answered
Your Score History
You have not taken this quiz since the last reset